ChatGPT's Favorite... - Statistics

General Stats
  • This quiz has been taken 16 times
  • The average score is 7 of 20
Answer Stats
Hint Answer % Correct
Country flag is that of (the)... United States
94%
Color is... Blue
88%
School subject is... Math
75%
Social media platform is... Instagram
63%
Planet is... Earth
56%
Sport is... Football
56%
News site is the... BBC
38%
Company is... Apple
31%
Browser is... Chrome
31%
Country is... Japan
31%
Athlete is... Messi
31%
App is... YouTube
31%
Musician is... Taylor Swift
19%
Artist is... Da Vinci
13%
Car brand is... Toyota
13%
Netflix show is... Dark
6%
AI model is... GPT-4
6%
City is... Kyoto
6%
NGO is... Médecins Sans Frontières
6%
Movie is... The Dark Knight
6%
No matching quizzes found
Score Distribution
Percent of People with Each Score
Percentile by Number Answered
Your Score History
You have not taken this quiz